Vertical unemployment of citizens in regional structure of Slovakia
Analýza miery nezamestnanosti a trhu práce v regiónoch na úrovni NUTS IV.
Uložené v:
| Hlavný autor: | |
|---|---|
| Ďalší autori: | |
| Médium: | Kapitola |
| Jazyk: | English |
| Predmet: | |
| Tagy: |
Žiadne tagy, Buďte prvý, kto otaguje tento záznam!
|
MARC
| LEADER | 00000naa a2200000 4500 | ||
|---|---|---|---|
| 001 | 0198415 | ||
| 005 | 20231211131804.9 | ||
| 041 | 0 | |a eng | |
| 044 | |a SK | ||
| 245 | 1 | 0 | |a Vertical unemployment of citizens in regional structure of Slovakia |c Marián Kováčik, Martin Mariš |
| 520 | |a Analýza miery nezamestnanosti a trhu práce v regiónoch na úrovni NUTS IV. | ||
| 610 | 2 | 0 | |a nezamestnanosť |
| 610 | 2 | 0 | |a trh práce |
| 610 | 2 | 0 | |a politika regionálna |
| 610 | 2 | 0 | |a diferenciácia regionálna |
| 100 | 1 | |a Kováčik, Marián | |
| 700 | 1 | |a Mariš, Martin | |